Music Quiz

Random Music or Letter Quiz
Score 0/31 Timer 06:00
0 Plays Today
Hint Answer % Correct
I WannaI Wanna Be Sedated
64.7%
Now I WannaNow I Wanna Sniff Some Glue
52.9%
_______ I _______Baby I Love you
52.9%
I WannaI Wanna Be Your Boyfriend
41.2%
I Don'tI Don't Care
41.2%
I Don't WannaI Don't Wanna Go Down To The Basement
41.2%
II Love You
35.3%
I'mI'm Affected
29.4%
I Don't WannaI Don't Wanna Walk Around With You
29.4%
I WannaI Wanna Live
23.5%
I WannaI Wanna Be Well
23.5%
I Don't WantI Don't Want You
23.5%
II Remember You
23.5%
II Believe In Miracles
23.5%
Now I WannaNow I Wanna Be A Good Boy
17.6%
I'mI'm Against It
17.6%
Hint Answer % Correct
I'mI'm Not Jesus
17.6%
I Can'tI Can't Give You Anything
17.6%
II Won't Let It Happen
17.6%
II Need Your Love
17.6%
I Don't WantI Don't Want To Grow Up
11.8%
II Wanted Everything
11.8%
_______ I _______Merry Christmas/I Don't Want To Fight Tonight
11.8%
I Can'tI Can't Make It On Time
11.8%
I'mI'm Not Afraid Of Life
5.9%
_______ I _______When I Was Young
5.9%
I Can'tI Can't Control Myself
5.9%
II Just Wanna Have Something To Do
5.9%
II Lost My Mind
0%
II Know Better Now
0%
_______ I _______Everytime I Eat Vegetables It Makes Me Think Of You
0%
Remove Ads.
Support Sporcle.
Get the best of Sporcle when you Go Orange. This ad-free experience offers more features, more stats, and more fun while also helping to support Sporcle. Thank you for becoming a member.

You're not logged in!

Compare scores with friends on all Sporcle quizzes.
OR
Log In

Sporcle TV

Today on Sporcle TV


Watch our educational content, quiz creation guides, and fun videos on Sporcle TV.

Show Comments

Extras

Top Quizzes Today


Score Distribution

Paid Content

Your Account Isn't Verified!

In order to create a playlist on Sporcle, you need to verify the email address you used during registration. Go to your Sporcle Settings to finish the process.

Report this User

Report this user for behavior that violates our Community Guidelines.

Details: